000 00293nam a22001217a 4500
008 160521b xxu||||| |||| 00| 0 eng d
020 _a9781111068110
020 _a1111068110
041 _aeng
080 _a579
245 _aTopics in biology:
_cStarr ;Taggart; Evers; Starr;
942 _2udc
_cBK
999 _c2356
_d2356